| 000 | 00619nam a22001937a 4500 | ||
|---|---|---|---|
| 999 |
_c15165 _d15165 |
||
| 003 | AR-CdUCM | ||
| 008 | 190426b ||||| |||| 00| 0 spa d | ||
| 020 | _a978-607-16-1628-9 | ||
| 040 |
_aMUNICIPALIDAD PROVINCIAL DEL CUSCO _cBIBLIOTECA MUNICIPAL DEL CUSCO |
||
| 082 |
_aPI / 869.1 / _bM61 |
||
| 100 |
_aMinhós Marttins, Isabel _934189 |
||
| 245 | _aEres tu / | ||
| 260 |
_aMéxico D.F. : _bFondo de cultura económica, _c2013. |
||
| 300 |
_a24 páginas ; _bIlustraciones, _c23 cm. |
||
| 650 |
_aLiteratura infantil _9588 |
||
| 700 |
_aCarvalho, Bernardo _934190 |
||
| 942 |
_2ddc _cLIBROS |
||
| 945 |
_aacv _d2019-04-26 |
||